| 000 | 00412nam a2200157Ia 4500 | ||
|---|---|---|---|
| 008 | 210210b2004 xxu||||| |||| 00| 0 eng d | ||
| 020 | _a81 7888 040 7 | ||
| 082 | _a370 DAST | ||
| 100 | _aDASH (B N). | ||
| 245 | _aTrends and issues in indian education. | ||
| 260 |
_aND _bDominant Publishers and Distributors _c2004 |
||
| 300 | _a467 | ||
| 650 | _aIndian education | ||
| 690 | _aEducation | ||
| 906 | _a059475 | ||
| 999 |
_c106818 _d106818 |
||